Statistics for European Weightlifting Championships - Host Countries

Click here to take the quiz!

General Stats

  • This quiz has been taken 18 times
    (12 since last reset)
  • The average score is 28 of 31

Answer Stats

#Country% Correct
1Albania
100%
1Belarus
100%
2Croatia
100%
3Finland
100%
5France
100%
2Greece
100%
6Italy
100%
9Netherlands
100%
2Norway
100%
7Poland
100%
2Romania
100%
5Russia
100%
6Spain
100%
4Sweden
100%
1Ukraine
100%
3United
Kingdom
100%
7Bulgaria
91%
4Czech
Republic
91%
12Germany
91%
4Hungary
91%
1Portugal
91%
1Serbia
91%
3Turkey
91%
7Austria
82%
2Denmark
82%
1Slovakia
82%
1Slovenia
82%
2Georgia
73%
1Luxembourg
73%
1San Marino
64%
2Israel
45%

Score Distribution

Percentile by Number Answered

Percent of People with Each Score

Your Score History

You have not taken this quiz since the last reset